000 01034nam a22002537a 4500
005 20180913140720.0
010 _aB-441249 B-705545
020 _a9788123701479
_c180.00
035 _aB-441249
035 _aB-705545
037 _bAllied Publishers
037 _bRK Books
082 _a328.54
100 _aKashyap, Subhash C.
245 _aOur parliament:
_cby Subhash C. Kashyap
_ban introduction to the parliament of India /
260 _aNew Delhi
_bNational Book Trust
_c2017
270 _aNehru Bhawan, 5 Institutional Area, Phase-II, Vasant Kunj
_bNew Delhi
_e110070
300 _axiv, 327p
_c21cm (pbk)
_bb&w photos
490 _aIndia- the land and the people
500 _aIncludes bibliographical references and index
942 _2ddc
_cEN
_mKAS
_h328.54
999 _c54354
_d54354